[Event "Warsaw op (Women)"]
[Site "Warsaw"]
[Date "1996.??.??"]
[Round "6"]
[White "Umanskaya, Irina"]
[Black "Foisor, Cristina Adela B"]
[Result "1/2-1/2"]
[WhiteElo "2320"]
[BlackElo "2370"]

1.d4 Nf6 2.c4 g6 3.Nc3 Bg7 4.e4 d6 5.Nf3 O-O 6.Be2 Na6 7.O-O e5 8.Be3 Ng4
9.Bg5 f6 10.Bc1 Nh6 11.Be3 Nf7 12.dxe5 dxe5 13.a3 f5 14.b4 f4 15.Bc1 c6 16.Qxd8 Rxd8
17.Bb2 Nc7 18.Rfd1 Bg4 19.Rxd8+ Rxd8 20.Rd1 Rxd1+ 21.Bxd1 Ne6 22.Ng5 Bxd1
23.Nxe6 Bb3 24.Nc5 Bxc4 25.Nxb7 Be6 26.Na4 Bc8 27.Na5 f3 28.Nc5 fxg2 29.Kxg2 Nd8
30.Nd3 Ba6 31.Nxe5 Bb5 32.f4 Ne6 33.Kf3 c5 34.bxc5 Nxc5 35.Bd4 Nd3 36.Nec6 Bf8
37.Nxa7 Bd7 38.Nc4 Be6 39.Ne5 Ne1+ 40.Kg3 Nc2 41.Bb2 Nxa3 42.Nac6 Nb5 43.Ng4 Bg7
44.Bxg7 Kxg7 45.Ne3 Bc8 46.Nd5 Bd7 47.Ne5 Be6 48.Nb4 Kf6 49.Nec6 Bb3 50.Kf3 Nc3
51.Nd4 Bc4 52.Nbc6 Kg7 53.Ne5 Ba2 54.Ng4 Bc4 55.Nf2 Kf7 56.Ke3 Bf1 57.Nf3 Ba6
58.Ng5+ Kg7 59.Ne6+ Kf7 60.Nc5 Bc8 61.Kd3 Nb5 62.Kc4 Nc7 63.Kd4 Kf6 64.Nd1 g5
65.f5 Bxf5 66.exf5 Kxf5 67.Ke3 Nd5+ 68.Kf2 Kg4 69.Nd3 h5 70.Kg2 Kf5 71.N1f2 g4
72.Kg3 Ne3 73.Nh1 Nf1+ 74.Kg2 Nxh2 75.Kxh2 h4 76.Kg2 g3 77.Kf3 Kg5  1/2-1/2

[Event "Wattens op"]
[Site "Wattens"]
[Date "1996.??.??"]
[Round "4"]
[White "Mueller, Heinz"]
[Black "Jedinger, Andreas"]
[Result "0-1"]
[WhiteElo "2235"]
[BlackElo "2100"]

1.d4 Nf6 2.Nf3 g6 3.c4 Bg7 4.Nc3 d6 5.e4 O-O 6.Be2 e5 7.Be3 c6 8.h3 Nbd7
9.O-O exd4 10.Nxd4 Re8 11.Qc2 Nc5 12.Bf3 Qe7 13.Rfe1 Nfxe4 14.Nxe4 Nxe4 15.Bxe4 Qxe4
16.Bd2 Qxe1+ 17.Rxe1 Rxe1+ 18.Bxe1 Bxd4 19.Qd2 c5 20.b3 Bd7 21.Qa5 Bc6 22.Qc7 Re8
23.Bd2 Re2 24.Bh6 Re1+ 25.Kh2 a6 26.Bf4 Bxf2 27.Qxd6 Bd4 28.Qd8+ Re8 29.Qd6 Re2
30.h4 h5 31.Qd8+ Kg7 32.Bd6 Re8 33.Qg5 f6 34.Qf4 Re4 35.Qc1 Rxh4+ 36.Kg3 Rg4+
37.Kh3 Bxg2+ 38.Kh2 Bc6 39.b4 Bg1+  0-1

[Event "Wattens op"]
[Site "Wattens"]
[Date "1996.??.??"]
[Round "9"]
[White "Bernardi, Mario"]
[Black "Marwan, David"]
[Result "1/2-1/2"]
[WhiteElo "2045"]
[BlackElo "1915"]

1.Nf3 Nf6 2.c4 g6 3.Nc3 Bg7 4.e4 d6 5.d4 O-O 6.Be2 Nbd7 7.O-O e5 8.d5 Ne8
9.Bg5 f6 10.Bh4 a6 11.b4 Rf7 12.Nd2 Nf8 13.g4 Bh6 14.Nb3 Bf4 15.c5 g5 16.Bg3 h5
17.gxh5 Rh7 18.a4 Ng7 19.Ra2 Qd7 20.c6 Qf7 21.cxb7 Bxb7 22.Na5 Bc8 23.Nc6 Nxh5
24.Bg4 f5 25.exf5 Bxf5 26.Bxf5 Qxf5 27.Qb1 Qf7 28.Ne4 Nf6 29.Nxf6+ Qxf6 30.Qe4 Ng6
31.f3 Rf7 32.Rg2 Kg7 33.h4 Kf8 34.Bxf4 Nxf4 35.hxg5 Qf5 36.Qxf5 Rxf5 37.Rd2 Rxg5+
38.Kf2 Rg2+ 39.Ke3 Rxd2 40.Kxd2 Nxd5 41.Rh1 Kf7 42.Rh7+ Ke6 43.a5  1/2-1/2

[Event "NBG Open Weilburg"]
[Site "Weilburg"]
[Date "1996.??.??"]
[Round "2"]
[White "Richter, M."]
[Black "Lau, Ralf"]
[Result "1/2-1/2"]
[WhiteElo "2205"]
[BlackElo "2510"]

1.Nf3 Nf6 2.c4 g6 3.Nc3 Bg7 4.d4 O-O 5.e4 d6 6.Be2 Nbd7 7.O-O e5 8.d5 Nc5
9.Qc2 a5 10.Bg5 h6 11.Be3 Qe8 12.Ne1 Ng4 13.Bd2 f5 14.Bxg4 fxg4 15.Nd3 b6
16.Nxc5 dxc5 17.Nb5 Qd8 18.a4 Qd7 19.Be3 Bb7 20.Rad1 Rf6 21.Qe2 Raf8 22.Bc1 R8f7
23.Nc3 Bf8 24.f3 gxf3 25.Rxf3 Rxf3 26.gxf3 g5 27.Qg2 Kh7 28.Qg4 Bc8 29.Qxd7 Bxd7
30.Kg2 Kg6 31.h3 h5 32.Rd3 Be7 33.Nb5 Bd8 34.b3 Bxb5  1/2-1/2

[Event "Werfen op-A"]
[Site "Werfen"]
[Date "1996.??.??"]
[Round "1"]
[White "Martin, Andreas"]
[Black "Berger, Hermann"]
[Result "1-0"]
[WhiteElo "2255"]
[BlackElo "1920"]

1.d4 Nf6 2.Nf3 d6 3.c4 g6 4.Nc3 Bg7 5.e4 O-O 6.Be2 e5 7.d5 a5 8.Bg5 h6 9.Bh4 Bd7
10.Nd2 Qe8 11.g4 Nh7 12.Nf1 Na6 13.Ng3 Nc5 14.Qc2 Kh8 15.O-O-O f5 16.gxf5 gxf5
17.Nxf5 Bxf5 18.exf5 e4 19.Nb5 Qe5 20.Bg3 Qxf5 21.Nxc7 Rad8 22.Nb5 Be5 23.Kb1 Ng5
24.Nd4 Qf6 25.Nb3 Nxb3 26.Qxb3 Nf3 27.Bxf3 exf3 28.Rd3 a4 29.Bxe5 Qxe5 30.Qxa4 Qe2
31.Qc2 Rde8 32.Qc3+ Kh7 33.Rd2 Qe7 34.Rg1 Qe4+ 35.Qc2 Rf4 36.b3 Re7 37.Rg3 h5
38.Rd3 Kh6 39.Qc3 Kh7 40.Kb2 Qe2+ 41.Rd2 Qe4 42.c5 Rc7 43.a3 Rf5 44.Qd3 Qxd3
45.Rxd3 Rxc5 46.Rgxf3 Rcxd5 47.Rxd5 Rxd5 48.Rf7+ Kg6 49.Rxb7 Rd2+ 50.Kc3 Rxf2
51.h4 Rf4 52.Rb4 Rg4 53.a4 Kf6 54.a5 Rg3+ 55.Kc4 Rg4+ 56.Kb5 d5 57.a6 Rg8
58.a7 Ke5 59.Ra4 d4 60.a8=Q  1-0

[Event "Hoogovens-B"]
[Site "Wijk aan Zee"]
[Date "1996.??.??"]
[Round "5"]
[White "Van de Mortel, Jan"]
[Black "Nijboer, Friso"]
[Result "1/2-1/2"]
[WhiteElo "2315"]
[BlackElo "2475"]

1.d4 Nf6 2.Nf3 g6 3.c4 Bg7 4.Nc3 O-O 5.e4 d6 6.Be2 e5 7.O-O Na6 8.Rb1 c6
9.b4 exd4 10.Nxd4 Re8 11.f3 Nc7 12.Bg5 h6 13.Bh4 Nxe4 14.Bxd8 Nxc3 15.Qd2 Bxd4+
16.Kh1 c5 17.bxc5 dxc5 18.Bxc7 Rxe2 19.Qxh6 Nxb1 20.Rxb1 Bf5 21.Rd1 Rae8
22.h4 Rxa2 23.Bf4 a5 24.Qg5 Bg7 25.Rd8 Re2 26.Bc1 Re1+ 27.Kh2 Be5+ 28.f4 Bg7
29.Bd2 f6 30.Qg3 Rxd8 31.Qxe1 a4 32.Bc3 Kf7 33.Bb2 b6 34.Qe2 Bd3 35.Qd1 Kg8  1/2-1/2

[Event "Winterthur"]
[Site "Winterthur"]
[Date "1996.??.??"]
[Round "2"]
[White "Pelletier, Yannick"]
[Black "Gallagher, Joseph G"]
[Result "1-0"]
[WhiteElo "2440"]
[BlackElo "2530"]

1.d4 Nf6 2.c4 g6 3.Nc3 Bg7 4.e4 d6 5.Nf3 O-O 6.Be2 e5 7.O-O Na6 8.Be3 Ng4
9.Bg5 Qe8 10.dxe5 h6 11.Bh4 dxe5 12.Nd2 Nf6 13.Nd5 Qd8 14.f4 exf4 15.e5 Nxd5
16.Bxd8 Ne3 17.Qc1 Nxf1 18.Nxf1 Rxd8 19.Qxf4 Re8 20.Bf3 Bxe5 21.Qxh6 Bxb2
22.Rd1 c6 23.Ng3 Bg7 24.Qg5 Nc7 25.h4 Ne6 26.Qe3 f5 27.h5 Rf8 28.Ne2 g5 29.g4 Nf4
30.Nxf4 gxf4 31.Qe7 fxg4 32.Be4 Bf5 33.Bxf5 Rxf5 34.Rd7  1-0

[Event "Winterthur"]
[Site "Winterthur"]
[Date "1996.??.??"]
[Round "7"]
[White "Van der Sterren, Paul"]
[Black "Vogt, Lothar"]
[Result "0-1"]
[WhiteElo "2510"]
[BlackElo "2505"]

1.Nf3 Nf6 2.c4 g6 3.Nc3 Bg7 4.d4 O-O 5.e4 d6 6.Be2 e5 7.O-O Nbd7 8.Qc2 Nh5
9.Rd1 Nf4 10.Bf1 c5 11.Nb5 cxd4 12.Nxd6 Ne6 13.Rb1 a5 14.b3 Ndc5 15.Nxc8 Rxc8
16.a3 f5 17.exf5 gxf5 18.b4 axb4 19.axb4 Na6 20.c5 Nac7 21.Bc4 Kh8 22.Nxe5 Bxe5
23.Bxe6 Nxe6 24.Qe2 Qd5 25.Re1 Ng7  0-1

[Event "Winterthur"]
[Site "Winterthur"]
[Date "1996.??.??"]
[Round "9"]
[White "Pelletier, Yannick"]
[Black "Vogt, Lothar"]
[Result "0-1"]
[WhiteElo "2440"]
[BlackElo "2505"]

1.d4 Nf6 2.c4 g6 3.Nc3 Bg7 4.e4 d6 5.Nf3 O-O 6.Be2 e5 7.O-O Nbd7 8.Be3 c6
9.Qc2 h6 10.Rad1 Qe7 11.Rfe1 Ng4 12.Bc1 exd4 13.Nxd4 Nxf2 14.Nf5 gxf5 15.Kxf2 Qh4+
16.Kg1 Bd4+ 17.Rxd4 Qxe1+ 18.Bf1 Ne5 19.Rd1 Qh4 20.Rxd6 f4 21.g3 fxg3 22.Rxh6 Qg4
23.h3 Nf3+ 24.Kh1 Ne1 25.hxg4 Nxc2 26.e5 Bxg4 27.Bg5 Kg7 28.Rh4 Bf3+ 29.Kg1 f5
30.exf6+ Kg6 31.Bh6 Kxf6 32.Bxf8 Rxf8 33.Ne4+ Bxe4 34.Rxe4 Kg5 35.c5 Rf2
36.Bh3 Kf6 37.Bc8 Rd2 38.Rg4 Rd1+ 39.Kg2 Ne3+ 40.Kxg3 Nxg4 41.Kxg4 Ke5 42.Bxb7 Kd5  0-1

[Event "Winterthur"]
[Site "Winterthur"]
[Date "1996.??.??"]
[Round "11"]
[White "Huss, Andreas"]
[Black "Forster, Richard"]
[Result "0-1"]
[WhiteElo "2365"]
[BlackElo "2320"]

1.d4 Nf6 2.Nf3 g6 3.c4 Bg7 4.Nc3 O-O 5.e4 d6 6.Be2 e5 7.d5 a5 8.Be3 Ng4 9.Bg5 f6
10.Bh4 Na6 11.O-O Bd7 12.Ne1 h5 13.h3 Nh6 14.Nd3 Qe8 15.f3 g5 16.Bf2 f5 17.exf5 Bxf5
18.Be3 Qg6 19.g4 e4 20.fxe4 Bxe4 21.gxh5 Qh7 22.Rxf8+ Rxf8 23.Nf2 Bc2 24.Qd2 Nf5
25.Ng4 Nxe3 26.Qxe3 Nc5 27.Rf1 Rxf1+ 28.Kxf1 Qf5+ 29.Kg2 Nd3 30.h6 Be5 31.Nxe5 Nxe5
32.Bf3 Kh7 33.Be4 Bxe4+ 34.Qxe4 Qxe4+ 35.Nxe4 Nxc4 36.Nxg5+ Kxh6 37.Nf7+ Kg6
38.Nd8 b5 39.Kf3 Nxb2 40.Ne6 Nd1 41.Nxc7 Nc3 42.a3 b4 43.axb4 axb4 44.Ne6 b3
45.Nf4+ Kf5 46.Nd3 Na4  0-1

[Event "Oberliga Wuert9697"]
[Site "Wuerttemberg"]
[Date "1996.??.??"]
[Round "?"]
[White "Schmitt, Axel"]
[Black "Lorscheid, Gerhard"]
[Result "1-0"]
[WhiteElo "2340"]
[BlackElo "2315"]

1.Nf3 d6 2.c4 g6 3.Nc3 Bg7 4.d4 Nf6 5.e4 O-O 6.Be2 e5 7.d5 Na6 8.Bg5 h6 9.Be3 Ng4
10.Bc1 f5 11.exf5 gxf5 12.g3 Nc5 13.O-O Nf6 14.Nh4 Nfe4 15.Nxe4 Nxe4 16.Qc2 Qf6
17.Rb1 Bd7 18.f4 exf4 19.Bxf4 Rae8 20.Bh5 Rc8 21.Be3 Ng5 22.Bg6 Qe5 23.Bxg5 hxg5
24.Nxf5 Bxf5 25.Bxf5 Rcd8 26.b4 Kh8 27.Rbe1 Qd4+ 28.Kh1 Rf6 29.Re4 Qb6 30.Qd2 Bh6
31.Re7 Rdf8 32.g4 R8f7 33.Rxf7 Rxf7 34.Qc3+ Bg7 35.Qh3+  1-0

[Event "Oberliga Wuert9596"]
[Site "Wuerttemberg"]
[Date "1996.??.??"]
[Round "?"]
[White "Schnepp, Gunnar"]
[Black "Fochtler, Ekkehard"]
[Result "1-0"]
[WhiteElo "2280"]
[BlackElo "2220"]

1.d4 Nf6 2.c4 g6 3.Nc3 Bg7 4.e4 d6 5.Nf3 O-O 6.Be2 e5 7.O-O exd4 8.Nxd4 Re8
9.f3 c6 10.Kh1 Nbd7 11.Nb3 Qe7 12.Bg5 h6 13.Bh4 Ne5 14.f4 Neg4 15.Qc1 g5
16.fxg5 Nxe4 17.g6 Qxh4 18.gxf7+ Kh7 19.Bxg4 Be5 20.Rf4 Ng3+ 21.Kg1 Bxg4
22.fxe8=Q Rxe8 23.hxg3 Qxg3 24.Ne4 Qh4 25.Nf2 Rg8 26.Rxg4 Bh2+ 27.Kf1 Rxg4
28.Nxg4 Qxg4 29.Qc2+ Kg7 30.Qc3+ Kg6 31.Qd3+ Kg7 32.Qd4+  1-0

[Event "Wuerzburg op"]
[Site "Wuerzburg"]
[Date "1996.??.??"]
[Round "6.11"]
[White "Richter, Sergio"]
[Black "Siepelt, Heiner"]
[Result "0-1"]
[WhiteElo "2200"]
[BlackElo "2350"]

1.d4 Nf6 2.c4 g6 3.Nc3 Bg7 4.e4 d6 5.Nf3 O-O 6.Be2 Qe8 7.O-O e5 8.dxe5 dxe5
9.b3 Qe7 10.Qc2 c6 11.Rd1 Na6 12.Bb2 Nh5 13.h3 f5 14.Qd2 Nf4 15.Kf1 Nc5 16.Ba3 Nfe6
17.Rac1 b6 18.exf5 gxf5 19.Qd6 Qxd6 20.Rxd6 e4 21.Ne1 Be5 22.Rdd1 a5 23.Na4 Rb8
24.Nc2 Rb7 25.Rb1 Nxa4 26.bxa4 c5 27.Ne3 Bd7 28.Rd5 Bd4 29.Rd6 f4 30.Ng4 f3
31.gxf3 exf3 32.Bd1 h5 33.Nh2 Nf4 34.Bxf3 Bxh3+ 35.Kg1 Rg7+ 36.Kh1 Nd3 37.Bd5+ Kh7
38.Be4+ Bf5 39.Bxd3 Bxd3 40.Rg1 Be4+  0-1

[Event "Yalta op"]
[Site "Yalta"]
[Date "1996.??.??"]
[Round "4"]
[White "Krivoshey, Sergei"]
[Black "Vasilevich, Tatjana"]
[Result "1/2-1/2"]
[WhiteElo "2430"]
[BlackElo "2270"]

1.Nf3 Nf6 2.c4 g6 3.Nc3 Bg7 4.e4 d6 5.d4 O-O 6.Be2 Na6 7.O-O e5 8.Be3 Ng4
9.Bg5 Qe8 10.h3 h6 11.Bc1 Nf6 12.dxe5 dxe5 13.Be3 Qe7 14.Nd5 Qd6 15.Qc2 Qe6
16.Rfd1 c6 17.Nxf6+ Qxf6 18.c5 Nc7 19.Rd6 Ne6 20.Rad1 Re8 21.g3 Bf8 22.R6d2 g5
23.Kh2 Ng7 24.Qc3 g4 25.hxg4 Bxg4 26.Nh4 Bxe2 27.Rxe2 Rad8 28.Red2 Rxd2 29.Rxd2 Qe6
30.Kg2 Kh7 31.b3 Be7 32.Nf3 Bf8 33.Nh4 Be7 34.Nf3 Bf8 35.Rd1 Nh5 36.Rh1 Qg6
37.Qc4 Nf6 38.Rh4 Kg8 39.Bc1 Bg7 40.Bb2 Nh7 41.Rh1 Ng5 42.Nxg5 Qxg5 43.Bc1 Qf6
44.Qb4 Re7 45.Rd1 Qg6 46.Rd6 Qh5 47.f3 f5 48.exf5 Qxf5 49.Qe4 Qxe4 50.fxe4 Kh7
51.Be3 Bf8 52.Rd8 Rf7 53.b4 Kg7 54.Re8 Be7 55.Bd2 Bf6 56.Re6 h5 57.Bc3 Rd7
58.Bxe5 Bxe5 59.Rxe5 Rd2+ 60.Kf3 Kf6 61.Rxh5 Rxa2 62.Rh7 Rb2 63.Rxb7 a5 64.Rb6 axb4
65.Rxc6+ Ke5 66.Rc8 Rb3+ 67.Kg4 Kxe4 68.c6 Kd5  1/2-1/2

[Event "Yerevan ol (Women)"]
[Site "Yerevan"]
[Date "1996.??.??"]
[Round "1"]
[White "Wijesuriya, Suneetha"]
[Black "Djeno, Mara"]
[Result "0-1"]
[WhiteElo "2020"]
[BlackElo "2190"]

1.d4 Nf6 2.c4 g6 3.Nc3 Bg7 4.Nf3 d6 5.e4 O-O 6.Be2 e5 7.d5 a5 8.O-O Na6 9.Bg5 h6
10.Bd2 Nc5 11.Qc2 Bd7 12.h3 Nh5 13.Qc1 Kh7 14.Nh2 Qh4 15.Nf3 Qe7 16.Be3 Nf4
17.Bxf4 exf4 18.Qxf4 Bxc3 19.bxc3 Qxe4 20.Qxe4 Nxe4 21.Rac1 Rae8 22.Bd3 Nc5
23.Bb1 Re2 24.Nd4 Rb2 25.Rc2 Na4 26.Rxb2 Nxb2 27.h4 Re8 28.Bc2 Nxc4 29.Rb1 b6
30.Bd3 Nd2 31.Rd1 Ne4 32.Ne2 Nc5 33.Nc1 Nxd3 34.Nxd3 Re2 35.Re1 Rxe1+ 36.Nxe1 Bf5
37.f3 Bb1 38.a3 Ba2 39.Nc2 Bxd5 40.Ne3 Bb3 41.Kf2 Kg7 42.Ke2 Kf6 43.Ng4+ Kg7
44.Ke3 f5 45.Nf2 Bc4 46.f4 c5 47.Nd1 Kf6 48.Nf2 Ke6 49.g4 b5 50.g5 hxg5 51.hxg5 Kd5
52.Kf3 b4 53.cxb4 cxb4 54.axb4 a4 55.Ke3 a3 56.Nd1 a2 57.Nc3+ Kc6 58.Nxa2 Bxa2
59.Kd4 Be6 60.Kd3 Kb5 61.Ke3 Kc4 62.b5 Kxb5 63.Kd4 Kc6  0-1

[Event "Yerevan ol (Women)"]
[Site "Yerevan"]
[Date "1996.??.??"]
[Round "1"]
[White "Aleksieva, Silvia"]
[Black "Hagesaether, Ellen"]
[Result "0-1"]
[WhiteElo "2335"]
[BlackElo "2045"]

1.d4 Nf6 2.c4 g6 3.Nc3 Bg7 4.e4 d6 5.Be2 O-O 6.Nf3 e5 7.d5 Nbd7 8.h3 Nc5
9.Bg5 a5 10.Nd2 h6 11.Be3 Nfd7 12.h4 c6 13.h5 g5 14.Nf1 Qc7 15.Ng3 Nf6 16.b3 Rd8
17.Qd2 Nh7 18.Rd1 Bf6 19.Nf5 Bxf5 20.exf5 Qe7 21.Bxc5 dxc5 22.d6 Qd7 23.g4 b6
24.Ne4 Bg7 25.Rh3 Nf6 26.Nxg5 hxg5 27.h6 Bh8 28.Qxg5+ Kh7 29.Qe3 Rg8 30.g5 Qxf5
31.gxf6 e4 32.Rh5 Qe6 33.f3 Bxf6 34.fxe4 Bd4 35.Qf4 f6 36.e5 fxe5 37.Qe4+ Kh8
38.Bd3 Ra7 39.Qxc6 Bc3+ 40.Kf2 Bd4+  0-1

[Event "Yerevan ol (Women)"]
[Site "Yerevan"]
[Date "1996.??.??"]
[Round "2"]
[White "Paasikangas, Johanna"]
[Black "Salazar, Adriana"]
[Result "1-0"]
[WhiteElo "2195"]
[BlackElo "2105"]

1.d4 Nf6 2.c4 g6 3.Nc3 Bg7 4.e4 d6 5.Nf3 O-O 6.Be2 Nbd7 7.O-O e5 8.d5 Nc5
9.Nd2 a5 10.Rb1 Ne8 11.b3 f5 12.f3 Nf6 13.a3 Bh6 14.b4 Be3+ 15.Kh1 axb4 16.axb4 Ncd7
17.Nb3 Bxc1 18.Rxc1 f4 19.c5 Nh5 20.Qe1 Qg5 21.Kg1 Ndf6 22.cxd6 cxd6 23.Rf2 Ng3
24.Bd1 h5 25.Nb5 Ne8 26.Nc7 Nxc7 27.Rxc7 h4 28.Rfc2 Nh5 29.Na5 h3 30.Nc4 Qd8
31.Nb6 Ra2 32.Nxc8 Qxc7 33.Rxc7 Rxg2+ 34.Kh1 Ng3+ 35.hxg3 fxg3 36.Ne7+ Kf7
37.Nf5+ Kf6 38.Nxg3  1-0

[Event "Yerevan"]
[Site "Yerevan"]
[Date "1996.??.??"]
[Round "2"]
[White "Vaganian, Rafael A"]
[Black "Svidler, Peter"]
[Result "1/2-1/2"]
[WhiteElo "2615"]
[BlackElo "2630"]

1.Nf3 Nf6 2.c4 g6 3.Nc3 Bg7 4.e4 d6 5.d4 O-O 6.Be2 e5 7.O-O exd4 8.Nxd4 Re8
9.f3 Nc6 10.Be3 Nh5 11.f4 Nf6 12.Bf3 Bg4 13.Nxc6 Bxf3 14.Qxf3 bxc6 15.Rae1 Qc8
16.e5 dxe5 17.fxe5 Rxe5 18.Bd4 Rxe1 19.Rxe1 Qg4 20.Qf2 Nh5 21.Bxg7 Kxg7 22.Re4 Qd7
23.Rd4 Qe7 24.Re4 Qd6 25.Rd4 Qc5 26.g4 Nf6 27.Ne4 Nxe4 28.Rxe4 Qxf2+ 29.Kxf2 Rd8
30.Re7 Rd2+ 31.Kg3 Rxb2 32.Rxc7 Rxa2 33.Rxc6 Ra3+ 34.Kg2 Rc3 35.h3 a5  1/2-1/2

[Event "Yerevan ol (Men)"]
[Site "Yerevan"]
[Date "1996.??.??"]
[Round "3"]
[White "Tisdall, Jonathan D"]
[Black "Hakki, Imad"]
[Result "1/2-1/2"]
[WhiteElo "2515"]
[BlackElo "2380"]

1.Nf3 Nf6 2.c4 g6 3.Nc3 Bg7 4.e4 d6 5.d4 O-O 6.Be2 e5 7.O-O exd4 8.Nxd4 Re8
9.f3 Nc6 10.Be3 Nh5 11.Nxc6 bxc6 12.Qd2 c5 13.Rad1 Bb7 14.g4 Nf6 15.g5 Nd7
16.Nd5 a5 17.Rf2 Bxd5 18.cxd5 Qb8 19.a4 Qb4 20.Bb5 Re7 21.Qc2 Ne5 22.Bd2 Qd4
23.Bf4 Qb4 24.Bd2 Qd4 25.Bf4 Qb4 26.Kg2 c4 27.Bxe5 Rxe5 28.f4 Re7 29.Re2 c3
30.bxc3 Qxc3 31.Qxc3 Bxc3 32.Rc1 Bg7 33.Kf3 f6 34.gxf6 Bxf6 35.Rec2 Rf8 36.Rxc7 Rxc7
37.Rxc7 Be5 38.Bd7 Bxf4 39.Be6+ Kh8 40.h3 Bd2+ 41.Ke2 Bb4 42.Bg4 h5 43.Be6 Rf4
44.Ke3 Rf1 45.Re7 Re1+ 46.Kf3 Rf1+ 47.Kg2 Rf8 48.Bf7 Kg7 49.Be8+ Kh6 50.Re6 Rg8
51.e5 dxe5 52.Rxe5 Rg7 53.Kf3 Rc7 54.Re6 Re7 55.Rxe7 Bxe7 56.Ke4 Bd6 57.Kd4 Kg7
58.Kc4 Kf6 59.Kb5 Bb4 60.Kc6 Ke7 61.Bxg6 h4 62.Bf5  1/2-1/2

[Event "Yerevan ol (Men)"]
[Site "Yerevan"]
[Date "1996.??.??"]
[Round "3"]
[White "Hellsten, Johan"]
[Black "Gamboa, Nelson"]
[Result "1/2-1/2"]
[WhiteElo "2490"]
[BlackElo "2410"]

1.d4 Nf6 2.c4 g6 3.Nc3 Bg7 4.e4 d6 5.Nf3 O-O 6.Be2 e5 7.d5 a5 8.Bg5 h6 9.Bh4 Na6
10.Nd2 Qe8 11.O-O Nh7 12.a3 h5 13.f3 Bh6 14.b4 Bd7 15.Rb1 f5 16.Bf2 axb4
17.axb4 b6 18.Rb2 Ng5 19.Qb3 Qe7 20.Kh1 Nf7 21.Ncb1 h4 22.Ra2 h3 23.g3 Bc8
24.Qc3 Bb7 25.Nb3 fxe4 26.fxe4 c5 27.b5 Nc7 28.Rxa8 Nxa8 29.Bg4 Ng5 30.N3d2 Nc7
31.Qd3 Bc8 32.Bxc8 Rxc8 33.Be3 Rf8 34.Nc3 Ne8 35.Rxf8+ Qxf8 36.Nd1 Nf6 37.Nf2 Qa8
38.Bxg5 Bxg5 39.Nxh3 Bxd2 40.Qxd2 Qa1+ 41.Kg2 Nxe4 42.Qc2 Qe1 43.Nf2 Qxf2+
44.Qxf2 Nxf2 45.Kxf2 Kf7 46.Kf3 g5 47.g4  1/2-1/2

[Event "Yerevan ol (Women)"]
[Site "Yerevan"]
[Date "1996.??.??"]
[Round "3"]
[White "Sheldon, Ruth"]
[Black "Mihevc, Narcisa"]
[Result "1-0"]
[WhiteElo "2230"]
[BlackElo "2235"]

1.d4 Nf6 2.c4 g6 3.Nc3 Bg7 4.e4 d6 5.Be2 O-O 6.Nf3 e5 7.d5 a5 8.Bg5 Qe8 9.Nd2 h6
10.Be3 Na6 11.O-O Nh7 12.a3 Bd7 13.b4 f5 14.f3 f4 15.Bf2 axb4 16.axb4 h5
17.c5 g5 18.c6 bxc6 19.Bxa6 g4 20.Bc4 Rxa1 21.dxc6+ Kh8 22.Qxa1 Bxc6 23.Bh4 Bf6
24.Bxf6+ Nxf6 25.Qa7 Qg6 26.Qxc7 gxf3 27.Nxf3 Bxe4 28.Qxd6 Qg7 29.Nxe4 Nxe4
30.Qxe5 Qxe5 31.Nxe5 Kg7 32.Rd1  1-0

[Event "Yerevan ol (Men)"]
[Site "Yerevan"]
[Date "1996.??.??"]
[Round "4"]
[White "Giorgadze, Giorgi"]
[Black "Kaminski, Marcin"]
[Result "1/2-1/2"]
[WhiteElo "2580"]
[BlackElo "2525"]

1.d4 Nf6 2.c4 g6 3.Nc3 Bg7 4.e4 d6 5.Nf3 O-O 6.Be2 e5 7.Be3 Na6 8.O-O c6
9.dxe5 dxe5 10.Qxd8 Rxd8 11.Rfd1 Rxd1+ 12.Rxd1 Bg4 13.a3 Bxf3 14.gxf3 Nc7
15.f4 exf4 16.Bxf4 Ne6 17.Be3 b6 18.Kg2 Rd8 19.e5 Rxd1 20.exf6 Rd7 21.fxg7 Kxg7
22.Bg4 f5 23.Bf3 Nd4 24.Ne2 Nxf3 25.Kxf3 Kf6 26.Bd4+ Ke6 27.h4 b5 28.cxb5 cxb5
29.Ke3 h6 30.Nf4+ Kf7 31.Nd3 Re7+ 32.Ne5+ Kg8 33.Kf4 Kh7 34.Bc5 Rc7 35.b4 a6
36.Nf3 Rd7 37.Bd4 Rc7 38.Bc5 Rd7 39.Nd4 Rd5 40.f3 Kg8 41.Ke3 g5 42.hxg5 hxg5
43.Nc6 Kf7 44.f4 gxf4+ 45.Kxf4 Ke6 46.Nb8 Rd1 47.Nxa6 Rf1+ 48.Kg5 Kd7 49.Bd4 Kc6
50.Nc5 Kd5 51.Bf6 Kc4 52.Be5 Rf3 53.Bb2 Rf2 54.Bc1 Rf1 55.Bf4 Rf3 56.Kxf5 Rxa3  1/2-1/2

[Event "Yerevan ol (Men)"]
[Site "Yerevan"]
[Date "1996.??.??"]
[Round "5"]
[White "Izquierdo, Daniel"]
[Black "Husari, Sate"]
[Result "1-0"]
[WhiteElo "2275"]
[BlackElo "2305"]

1.Nf3 Nf6 2.d4 g6 3.c4 Bg7 4.Nc3 O-O 5.e4 d6 6.Be2 e5 7.d5 a5 8.Bg5 Na6 9.O-O Qe8
10.Nd2 h5 11.a3 Bd7 12.b3 Nh7 13.Be3 f5 14.exf5 gxf5 15.Bxh5 Qe7 16.Ndb1 f4
17.Bd2 e4 18.Re1 Nc5 19.Ra2 Bd4 20.Bg6 Ng5 21.Bc1 Bxc3 22.Nxc3 Qg7 23.Bxe4 Bh3
24.f3 Rae8 25.Kh1 Qxc3 26.gxh3 Ngxe4 27.fxe4 Qxh3 28.Rg2+ Kh7 29.Qd4 Rg8
30.Reg1 Qf3 31.Qf6 Rxg2 32.Qh4+ Kg8 33.Rxg2+ Qxg2+ 34.Kxg2 Rxe4 35.Qd8+ Kf7
36.Qxc7+ Re7 37.Qxd6 Nd3 38.Bxf4 a4 39.bxa4 b6 40.Bg5 Re2+ 41.Kf3 Rf2+ 42.Ke3  1-0

[Event "Yerevan ol (Men)"]
[Site "Yerevan"]
[Date "1996.??.??"]
[Round "5"]
[White "Valenzuela, Luis"]
[Black "Safin, Shukhrat"]
[Result "0-1"]
[WhiteElo "2305"]
[BlackElo "2510"]

1.d4 Nf6 2.c4 g6 3.Nc3 Bg7 4.e4 d6 5.Be2 O-O 6.Nf3 e5 7.d5 a5 8.Bg5 h6 9.Bh4 Na6
10.Nd2 Nc5 11.O-O Bd7 12.a3 a4 13.f3 Qb8 14.Bf2 Ne8 15.b4 axb3 16.Nxb3 b6
17.Nb5 Na4 18.Qc2 Qd8 19.Nd2 f5 20.Nb1 Bf6 21.N1c3 Nxc3 22.Qxc3 Bh4 23.Bxh4 Qxh4
24.exf5 Rxf5 25.g3 Qg5 26.Qc1 Qxc1 27.Rfxc1 Rf7 28.Nc3 Nf6 29.Kg2 Ra5 30.Bd3 Kg7
31.Re1 Bc8 32.Nb5 Nh7 33.Re3 Ba6 34.Nc3 Nf6 35.f4 exf4 36.gxf4 Nh5 37.Ne2 Bc8
38.Kf3 g5 39.f5 Bxf5 40.Bxf5 Rxf5+ 41.Kg2 Nf4+ 42.Nxf4 Rxf4 43.Re7+ Rf7 44.Rxf7+ Kxf7
45.a4 Kf6 46.Kf3 Kf5 47.h3 Kg6 48.Ke4 Kh5 49.Kf3 Kh4 50.Kg2 Rc5 51.Rc1 g4
52.hxg4 Kxg4 53.Kf2 Kf4 54.Rh1 Ke4 55.Rxh6 Rxc4 56.Ke2 Kxd5 57.a5 Re4+  0-1

[Event "Yerevan op"]
[Site "Yerevan"]
[Date "1996.??.??"]
[Round "6"]
[White "Giorgadze, Giorgi"]
[Black "Nalbandian, Tigran"]
[Result "1/2-1/2"]
[WhiteElo "2590"]
[BlackElo "2475"]

1.d4 Nf6 2.c4 g6 3.Nc3 Bg7 4.e4 d6 5.Nf3 O-O 6.Be2 e5 7.Be3 exd4 8.Nxd4 Re8
9.f3 c6 10.Bf2 d5 11.exd5 cxd5 12.O-O Nc6 13.c5 Nh5 14.Qd2 Be5 15.g3 Ng7
16.Rfd1 Nf5 17.Nxf5 Bxf5 18.Nxd5 Nd4 19.Bxd4 Qxd5 20.Bf2 Qc6 21.Bf1 Rad8
22.Qb4 Qxf3 23.Rxd8 Rxd8 24.Re1 Bf6 25.Bg2 Qd3 26.Qxb7 Qd2 27.Qf3 Qxb2 28.c6 Rd2
29.Bxa7 Qxa2 30.Bc5 Kg7 31.Kh1 Qc2 32.Be3 Rxg2 33.Qxg2 Qxg2+ 34.Kxg2 Be4+
35.Kh3 Bxc6 36.g4 Bd7 37.Kg3 Be5+ 38.Bf4 Bxf4+ 39.Kxf4 h6 40.h4 Be6 41.Re3 Kf6
42.g5+ hxg5+ 43.hxg5+ Kg7 44.Rxe6 fxe6 45.Ke5 Kf7 46.Kd6 e5 47.Kxe5 Ke7  1/2-1/2

[Event "Yerevan ol (Men)"]
[Site "Yerevan"]
[Date "1996.??.??"]
[Round "6"]
[White "Murshed, Niaz"]
[Black "Aryanejad, Hossein"]
[Result "1-0"]
[WhiteElo "2510"]
[BlackElo "2340"]

1.d4 Nf6 2.c4 g6 3.Nc3 Bg7 4.e4 d6 5.Nf3 O-O 6.Be2 e5 7.d5 Na6 8.Nd2 c5 9.g4 Ne8
10.h4 f5 11.gxf5 gxf5 12.exf5 Bxf5 13.Nde4 h6 14.Be3 Nf6 15.Ng3 Qd7 16.Qd2 Kh7
17.a3 Nc7 18.f3 Ng8 19.Nxf5 Rxf5 20.Bd3 Kh8 21.Bxf5 Qxf5 22.O-O-O Qxf3 23.Rdf1 Qh5
24.Ne4 Qg6 25.Qc2 Ne8 26.Rhg1 Qh5 27.Ng3 Qxh4 28.Nf5 Qh3 29.Rh1 Qg4 30.Nxh6  1-0

[Event "Yerevan ol (Men)"]
[Site "Yerevan"]
[Date "1996.??.??"]
[Round "7"]
[White "Ruzele, Darius"]
[Black "Manninen, Marko"]
[Result "1-0"]
[WhiteElo "2520"]
[BlackElo "2400"]

1.d4 Nf6 2.c4 g6 3.Nc3 Bg7 4.e4 d6 5.Be2 O-O 6.Nf3 e5 7.O-O c6 8.Qc2 exd4
9.Nxd4 Qe7 10.Bg5 h6 11.Bh4 Re8 12.Rad1 Nbd7 13.b4 Nf8 14.Rfe1 g5 15.Bg3 Ng6
16.b5 Ne5 17.Qd2 Bd7 18.a4 Rad8 19.h3 Kh7 20.Kh1 Be6 21.Qa2 Nfd7 22.a5 a6
23.bxa6 bxa6 24.Qa3 Bf8 25.Nd5 cxd5 26.cxd5 Nc5 27.dxe6 fxe6 28.Bh5 Qf6 29.Bxe8 Rxe8
30.Bxe5 Qxe5 31.Qf3 Qf4 32.Qxf4 gxf4 33.e5 dxe5 34.Rxe5 Rd8 35.Ree1 Bg7 36.Nf3 Rb8
37.Rb1 Rf8 38.Kg1 Rf5 39.Rec1 Rd5 40.Rd1 Rf5 41.Rb6 Bc3 42.Rbd6 Bxa5 43.Nd4 Re5
44.Kf1 Bb4 45.Nc6 Re4 46.f3 Rc4 47.R6d4  1-0

[Event "Yerevan ol (Men)"]
[Site "Yerevan"]
[Date "1996.??.??"]
[Round "7"]
[White "Sokolov, Ivan"]
[Black "Ehlvest, Jaan"]
[Result "1/2-1/2"]
[WhiteElo "2670"]
[BlackElo "2660"]

1.d4 g6 2.e4 d6 3.c4 Bg7 4.Nc3 e5 5.Nf3 Nd7 6.Be2 Ngf6 7.O-O O-O 8.Qc2 h6
9.Rd1 Nh7 10.Be3 Ng5 11.Nxg5 hxg5 12.dxe5 Nxe5 13.Qd2 g4 14.c5 Be6 15.cxd6 cxd6
16.Nd5 Qh4 17.Bg5 Qh8 18.Ne7+ Kh7 19.Qxd6 Nc6 20.Qg3 Be5 21.Qh4+ Kg7 22.Nd5 Qxh4
23.Bxh4 Bxb2 24.Rab1 Be5 25.Rxb7 Rab8 26.Rdb1 Rxb7 27.Rxb7 Rc8 28.Bg3 Bxg3
29.hxg3 Nd4 30.Bd3 a5 31.a4 Rc1+ 32.Kh2 Rd1 33.Nf4 Bb3 34.Bb5 Rd2 35.Rd7 g5
36.Ne2 Rxe2 37.Bxe2 Nxe2 38.Ra7 Bxa4 39.Rxa5 Bd7 40.Rxg5+ Kf6 41.Rc5 Ke7
42.f4 f6 43.Rc2 Bb5 44.Rb2 Bd3 45.Rb3 Bc4 46.Rb7+ Kf8 47.Ra7 Bd3 48.Ra3 Bc4
49.Ra5 Bd3 50.e5 f5  1/2-1/2